| 000 | 00445nam a2200157Ia 4500 | ||
|---|---|---|---|
| 999 |
_c19827 _d19827 |
||
| 003 | OSt | ||
| 005 | 20200625125536.0 | ||
| 008 | 190216s9999||||xx |||||||||||||| ||und|| | ||
| 040 | _coclc | ||
| 082 |
_a954 _bMEN/B |
||
| 100 |
_aMenon, A G _93235 |
||
| 245 | 0 |
_aBharata Charitram Vol 2 / _cA G Menon |
|
| 260 |
_bKerala Bhasha Institute, _c1976. _aTrivandrum: |
||
| 300 | _a468p | ||
| 942 |
_cBK _2ddc _h954 _iMEN/B _k954 _mMEN/B |
||